personnages naruto (shippuden) - Statistiques

Statistiques générales
  • Ce quiz a été pris 329 fois
  • Le résultat moyen est 64 sur 119
Statistiques - réponses
Réponse % Correct
A (4e Raikage)
100%
Naruto Uzumaki
98%
Sasuke Uchiha
95%
Sakura Haruno
94%
Kakashi Hatake
92%
Itachi Uchiha
91%
Tsunade Senju
90%
Ino Yamanaka
89%
Gaï Maito
88%
Minato Namikaze
88%
Nagato (Pain)
87%
Gaara
86%
Hinata Hyuga
86%
Obito Uchiha
86%
Orochimaru
86%
Shikamaru Nara
85%
Madara Uchiha
84%
Neji Hyuga
83%
Rock Lee
83%
Choji Akimichi
82%
Dan Kato
80%
Sasori
80%
Tobirama Senju
80%
Hashirama Senju
79%
Hiruzen Sarutobi
78%
Jiraya
77%
Kiba Inuzuka
77%
Rin Nohara
77%
Tenten
77%
Asuma Sarutobi
76%
Deidara
76%
Konan
75%
Sai
75%
Kurenai Yuhi
74%
Kisame
73%
Shino Aburame
73%
Temari
73%
Kabuto Yakushi
72%
Killer Bee
72%
Kurama
71%
Kakuzu
70%
Karin
70%
Kushina Uzumaki
70%
Hidan
69%
Danzo Shimura
67%
Kankuro
67%
Konohamaru Sarutobi
65%
Suigetsu
65%
Fu
64%
Zetsu
64%
Yamato
63%
Shisui Uchiha
60%
Han
59%
Mei Terumi (5e Mizukage)
59%
Jugo
58%
Zabuza
58%
Shikaku Nara
57%
Yahiko
57%
Iruka Umino
55%
Kaguya Otsutsuki
55%
Haku
52%
Choza Akimichi
50%
Shukaku
50%
Chiyo
48%
Fugaku Uchiha
47%
Onoki (3e Tsuchikage)
47%
Hagoromo Otsutsuki
46%
Inoichi Yamanaka
46%
Utakata
46%
Darui
45%
Shizune
45%
Son Goku
45%
Indra Otsutsuki
44%
Matatabi
42%
Anko Mitarashi
41%
Ebisu
40%
Gamabunta
40%
Kimimaro
40%
Hanabi Hyuga
39%
Hiashi Hyuga
38%
Yagura
38%
Omoi
37%
Udon Ise
37%
Ao
36%
Moegi Kazamatsuri
35%
Yugito
35%
Chomei
34%
Gamakichi
34%
Hizashi Hyuga
34%
Karui
34%
Chojuro
33%
Roshi
33%
Gyuki
32%
Jirobo
32%
Tayuya
32%
Isobu
31%
Mito Uzumaki
31%
Sakon / Ukon
30%
Ashura Otsutsuki
29%
Ibiki Morino
29%
Saiken
29%
Kidomaru
27%
Kokuo
27%
Rasa
26%
Pakkun
24%
Hayate Gekko
23%
Gamatatsu
22%
Hamura Otsutsuki
22%
Fukasaku
21%
Katsuyu
20%
Manda
19%
Nawaki Senju
17%
Ichiraku
11%
Enma
10%
Shima
10%
Gamamaru
9%
Sora
8%
Tenji Otsutsuki
1%
Shinju
0%
Aucun quiz correspondant
Distribution des résultats
% des personnes avec chaque résultat
Percentile par nombre de réponses
Votre historique - résultats
Vous n’avez pas pris ce quiz